Thực nghiệm ương và nuôi thương phẩm cá leo (Wallago attu Bloch and Schneider, 1801) : Luận văn Tốt nghiệp Cao học. Chuyên ngành: Nuôi trồng thủy sản
Đề tài khảo sát tốc độ tăng trưởng, tỷ lệ phân cỡ và tỷ lệ sống của cá nuôi trong bè ở mật độ và thức ăn khác nhau, theo dõi một số yếu tố môi trường nước trong quá trình ương nuôi thương phẩm....
Bewaard in:
| Hoofdauteur: | |
|---|---|
| Formaat: | Boek |
| Taal: | Undetermined |
| Gepubliceerd in: |
Cần Thơ
Trường Đại học Cần Thơ
2010
|
| Onderwerpen: | |
| Tags: |
Voeg label toe
Geen labels, Wees de eerste die dit record labelt!
|
| Thư viện lưu trữ: | Trung tâm Học liệu Trường Đại học Cần Thơ |
|---|
| LEADER | 01134nam a2200217Ia 4500 | ||
|---|---|---|---|
| 001 | CTU_162974 | ||
| 008 | 210402s9999 xx 000 0 und d | ||
| 082 | |a 639.31 | ||
| 082 | |b H107 | ||
| 088 | |a 606270 | ||
| 100 | |a Phan, Thị Mỹ Hạnh | ||
| 245 | 0 | |a Thực nghiệm ương và nuôi thương phẩm cá leo (Wallago attu Bloch and Schneider, 1801) : | |
| 245 | 0 | |b Luận văn Tốt nghiệp Cao học. Chuyên ngành: Nuôi trồng thủy sản | |
| 245 | 0 | |c Phan Thị Mỹ Hạnh ; Lam Mỹ Lan (Hướng dẫn khoa học) | |
| 260 | |a Cần Thơ | ||
| 260 | |b Trường Đại học Cần Thơ | ||
| 260 | |c 2010 | ||
| 520 | |a Đề tài khảo sát tốc độ tăng trưởng, tỷ lệ phân cỡ và tỷ lệ sống của cá nuôi trong bè ở mật độ và thức ăn khác nhau, theo dõi một số yếu tố môi trường nước trong quá trình ương nuôi thương phẩm. | ||
| 650 | |a Nuôi cá,Fish culture | ||
| 904 | |i Quyền | ||
| 980 | |a Trung tâm Học liệu Trường Đại học Cần Thơ | ||